| 000 | 01361nam a22002177a 4500 | ||
|---|---|---|---|
| 005 | 20260520112525.0 | ||
| 008 | 260520e20260520xxk|||||o|||| 00| 0 eng d | ||
| 041 | _aeng | ||
| 110 | _aRoyal Institution of Chartered Surveyors | ||
| 245 |
_aUK Residential Market Survey _bApril 2026 _h[Electronic resource] |
||
| 260 |
_aLondon, _bRoyal Institution of Chartered Surveyors, _cMay 2026 |
||
| 300 | _a17p | ||
| 490 | _aRICS UK Residential Market Survey | ||
| 520 | _aThe April 2026 RICS UK Residential Market Survey points to a subdued housing market, with higher mortgage rates and wider geopolitical uncertainty continuing to weigh on buyer demand and sales activity. Forward-looking indicators suggest muted conditions are likely to persist over the coming months. New buyer enquiries remained firmly negative in April, recording a net balance of -34%, albeit slightly improved from -40% recorded in March. Agreed sales also remained weak, with a net balance of -36%, broadly unchanged from -35% previously. | ||
| 650 | _aHOUSING MARKET | ||
| 650 | _aRESIDENTIAL PROPERTY | ||
| 651 | _aUnited Kingdom | ||
| 710 | _aRoyal Institution of Chartered Surveyors | ||
| 856 |
_uhttps://www.rics.org/content/dam/ricsglobal/documents/market-surveys/uk-residential-market-survey/UK-Residential-Market-Survey-April-2026.pdf _zAvailable on RICS.org |
||
| 942 | _n0 | ||
| 999 |
_c122352 _d122352 |
||